000
00368nam a2200157Ia 4500
008
240515s2024 xx und d
041
_a
eng
082
_a
615.1 /MUN
100
_a
M.Muiappan
245
_a
Textbook of Modern Pharamcology
250
_a
Re2024
260
_b
CBS Publishing
_c
2024
300
_a
514p
520
_a
DIPLOMA
650
_a
Pharmacology
999
_c
1164618
_d
1164618